| 000 | 00791cam a2200229 a 4500 | ||
|---|---|---|---|
| 020 | _a0937295035 : | ||
| 020 | _a0937295043 (pbk.) : | ||
| 040 | _cDLC | ||
| 082 | 0 | 0 | _a365 PLE 1986 A011 Or. |
| 100 | 1 | _aAdler, Susan S., | |
| 245 | 1 | 0 | _aMeet Samantha, an American girl / |
| 250 | _a1st ed. | ||
| 260 |
_aMadison, Wis. : _bPleasant Co., _cc1986. |
||
| 300 |
_a61 p. : _bill. (some col.) ; _c23 cm. |
||
| 520 | _aIn 1904, nine-year-old Samantha, an orphan living with her wealthy grandmother, and her servant friend Nellie have a midnight adventure when they try to find out what has happened to the seamstress who suddenly left her job. | ||
| 650 | 1 | _aFriendship | |
| 650 | 1 | _aOrphans | |
| 650 | 1 | _aHousehold employees | |
| 650 | 1 | _aWomen | |
| 700 | 1 | _aNiles, Nancy, | |
| 942 | _cEK | ||
| 999 |
_c13379 _d13379 |
||